00984nam a2200265Ia 4500001000700000003000500007008004100012010001100053040000900064082001600073100002400089245018600113260004200299300001700341500011100358503003400469650002600503650002000529650002700549650002600576650002600602700003200628700003200660700002600692Z_2474CHAP220113s1968 xx 000 0 und d a165528 cCHAP a543.085 M35 aMaier, Hans Gerhard aMétodos modernos de análisis de alimentos : técnicas ópticas /cHans Gerhard Maier; colaboración Georg Leber; prologo Willibald Diemair; traducción Celso Gutierrez Losa aZaragoza, España :bAcribia,c1968 aviii, 102 p. aTraducción de la obra en aleman: Leitfaden moderner methoden der lebensmittelanalytik: optische methoden aej.1: s/n \ ej.2: s/n \ ej.3: aAlimentosxAnálisis aEquipo óptico aMétodos analíticos aPropiedades ópticas aQuímica analítica a Diemair, Willibald, prol.  a Gutierrez Losa, Celso, tr. aLeber, Georg, colab.